| 000 | 01598nam0a22003251 4500 | ||
|---|---|---|---|
| 001 | v19\rc\1924964 | ||
| 005 | 20251118180702.9 | ||
| 035 | _a(NLR Aleph) 005011104 | ||
| 090 |
_a6488546 _c6488546 |
||
| 100 | _a20080404e19121912|||y0rusy50 ca | ||
| 101 | 0 | _arus | |
| 102 | _aRU | ||
| 105 | _ay z ||||| | ||
| 200 | 1 |
_aВнутреннее трение двойных систем _eХарактеристика определ. соединения _fИз Хим. лаб. Спб. политехн. инст. имп. Петра Великого _gН.С. Курнаков и С.Ф. Жемчужный |
|
| 210 |
_aСанкт-Петербург _cтипо-лит. Шредера _d1912 |
||
| 215 |
_a[1], 32 с. _cграф. _d24 |
||
| 311 | _aОтт. из "Изв. С.-Петерб. политехн. ин-та имп. Петра Великого". 1912, т. 18, с. 115-146 | ||
| 316 |
_aЭкз. РНБ (20.90.8.306): с автогр. Н.С. Курнакова _5NLR: 20.90.8.306 |
||
| 488 | 0 |
_12001#$aИзвестия Санкт-Петербургского политехнического института имп. Петра Великого$v1912, т. 18 _1215##$aС. 115-146 |
|
| 700 | 1 |
_aКурнаков _bН. С. _f1860-1941 _gНиколай Семенович |
|
| 701 | 1 |
_aЖемчужный _bС. Ф. _f1873-1929 _gСергей Федорович |
|
| 801 | 0 |
_aRU _bNLR _gpsbo |
|
| 801 | 0 |
_aRU _bRuMoRGB _2psbo |
|
| 801 | 1 |
_aRU _bProSoft-M _2rusmarc |
|
| 852 |
_aNLR _j20.90.8.306 |
||
| 899 |
_aRuMoRGB _jR 432/893 |
||
| 899 | _aБАН | ||
| 899 | _aНБ СПбГУ | ||
| 942 | _cBOOK | ||
| 980 | _aNB | ||